ბათუმის შოთა რუსთაველის სახელმწიფო უნივერსიტეტის ბიბლიოთეკა

CULTURAL PROFICIENCY. (ბიბ.ჩანაწერი № 44315)

000 -LEADER
fixed length control field 00812nam a2200277Ia 4500
001 - CONTROL NUMBER
control field 11073
003 - CONTROL NUMBER IDENTIFIER
control field GE_BSU
008 - FIXED-LENGTH DATA ELEMENTS--GENERAL INFORMATION
fixed length control field 181216s||||||||xx |||||||||||||| ||und||
020 ## - INTERNATIONAL STANDARD BOOK NUMBER
International Standard Book Number 9781412963633(pbk)
040 ## - CATALOGING SOURCE
Transcribing agency GE_BSU
080 ## - UNIVERSAL DECIMAL CLASSIFICATION NUMBER
Universal Decimal Classification number 371.4
100 ## - MAIN ENTRY--PERSONAL NAME
Personal name Lindsey,Randall.B; Kikanza Nuri Robins; Raymond D. Terrell.
245 ## - TITLE STATEMENT
Title CULTURAL PROFICIENCY.
245 #2 - TITLE STATEMENT
Remainder of title A Manual for school Leaders.
245 ## - TITLE STATEMENT
Statement of responsibility, etc. Foreword by Darline P. Robles.
250 ## - EDITION STATEMENT
Edition statement 3rd ed.
260 ## - PUBLICATION, DISTRIBUTION, ETC.
Place of publication, distribution, etc. Thousand Oaks,CA
260 ## - PUBLICATION, DISTRIBUTION, ETC.
Name of publisher, distributor, etc. Corwin Press.
260 ## - PUBLICATION, DISTRIBUTION, ETC.
Date of publication, distribution, etc. 2009.
300 ## - PHYSICAL DESCRIPTION
Extent 318p;ill;26cm.
520 ## - SUMMARY, ETC.
Summary, etc. შემოსულია ტემპუსის პროექტით.
653 ## - INDEX TERM--UNCONTROLLED
Uncontrolled term CULTURAL PROFICIENCY.
653 ## - INDEX TERM--UNCONTROLLED
Uncontrolled term ტემპუსის პროექტით
942 ## - ADDED ENTRY ELEMENTS (KOHA)
Koha item type წიგნი
ეგზემპლარები
Withdrawn status Lost status Damaged status Not for loan Date acquired Barcode Date last seen Price effective from Koha item type
        2018-12-17 35430 2018-12-17 2018-12-17 წიგნი